书目信息 |
| 题名: |
世界当代史
|
|
| 作者: | 王斯德 , 钱洪 主编 ;王春良 编著 | |
| 分册: | ||
| 出版信息: | 北京 高等教育出版社 1993 |
|
| 页数: | 575页 | |
| 开本: | 20cm | |
| 丛书名: | ||
| 单 册: | ||
| 中图分类: | K153 | |
| 科图分类: | ||
| 主题词: | 世界史:现代史 | |
| 电子资源: | ||
| ISBN: | 7-04-004015-8 | |
| 000 | 00693nam0 2200241 45 | |
| 001 | 0207010831 | |
| 005 | 20260413100240.68 | |
| 010 | @a7-04-004015-8@dCNY18.60 | |
| 100 | @a20020701e19931993km y0chiy0120 ea | |
| 101 | 0 | @achi |
| 105 | @a j 000yy | |
| 200 | 1 | @a世界当代史@AShi Jie Dang Dai Shi@e1945-1991@f王斯德,钱洪主编@FWang Si De,Qian Hong Zhu Bian@g王春良等编著 |
| 205 | @a2版 | |
| 210 | @a北京@c高等教育出版社@d1993@h2001.5重印 | |
| 215 | @a575页@d20cm | |
| 517 | @a1945-1991 | |
| 606 | 0 | @a世界史:现代史 |
| 690 | @aK153@v4 | |
| 701 | 0 | @a王斯德@4主编 |
| 701 | 0 | @a钱洪@4主编 |
| 702 | 0 | @a王春良@AWang Chun Liang@4编著 |
| 801 | @aCN@bTSTC@c20070623 | |
| 905 | @dK153@e113=2 | |
| 世界当代史:1945-1991/王斯德,钱洪主编/王春良等编著.-2版.-北京:高等教育出版社,1993(2001.5重印) |
| 575页;20cm |
| ISBN 7-04-004015-8:CNY18.60 |
| ● |
| 相关链接 |
|
|
|
|
正题名:世界当代史
索取号:K153/113=2
 
预约/预借
| 序号 | 登录号 | 条形码 | 馆藏地/架位号 | 状态 | 备注 |
| 1 | 0312636 | 203126367 | 第二借阅区/ [索取号:K153/113=2] | 在馆 | |
| 2 | 0312637 | 203126376 | 第二借阅区/ [索取号:K153/113=2] | 在馆 | |
| 3 | 0312638 | 203126385 | 第二借阅区/ [索取号:K153/113=2] | 在馆 | |
| 4 | 0312639 | 203126394 | 第二借阅区/ [索取号:K153/113=2] | 在馆 | |
| 5 | 0312640 | 203126401 | 第二借阅区/ [索取号:K153/113=2] | 在馆 | |
| 6 | 0312641 | 203126410 | 第二借阅区/ [索取号:K153/113=2] | 在馆 | |
| 7 | 0312642 | 203126429 | 第二借阅区/ [索取号:K153/113=2] | 在馆 | |
| 8 | 0312643 | 203126438 | 第二借阅区/ [索取号:K153/113=2] | 在馆 | |
| 9 | 0312644 | 203126447 | 第二借阅区/ [索取号:K153/113=2] | 在馆 | |
| 10 | 0312645 | 203126456 | 第二样本阅览室/ [索取号:K153/113=2] | 在馆 | |
| 11 | 0339618 | 203396182 | 第二借阅区/ [索取号:K153/113=2] | 在馆 | |
| 12 | 0339619 | 203396191 | 第二借阅区/ [索取号:K153/113=2] | 在馆 | |
| 13 | 0339620 | 203396208 | 第二借阅区/ [索取号:K153/113=2] | 在馆 | |
| 14 | 0339621 | 203396217 | 第二借阅区/ [索取号:K153/113=2] | 在馆 | |
| 15 | 0339622 | 203396226 | 第二借阅区/ [索取号:K153/113=2] | 在馆 | |
| 16 | 0502721 | 205027219 | 密集书库/ [索取号:K153/113=2] | 在馆 | |
| 17 | 0654948 | 206549485 | 库房3/ [索取号:K153/113=2] | 在馆 | |
| 18 | 0680406 | 206804065 | 库房3/ [索取号:K153/113=2] | 在馆 | |
| 19 | 0680407 | 206804074 | 库房3/ [索取号:K153/113=2] | 在馆 | |
| 20 | 0680408 | 206804083 | 库房3/ [索取号:K153/113=2] | 在馆 | |
| 21 | 0680409 | 206804092 | 库房3/ [索取号:K153/113=2] | 在馆 | |
| 22 | 0680410 | 206804109 | 库房3/ [索取号:K153/113=2] | 在馆 | |
| 23 | 0680411 | 206804118 | 库房3/ [索取号:K153/113=2] | 在馆 | |
| 24 | 0680412 | 206804127 | 库房3/ [索取号:K153/113=2] | 在馆 | |
| 25 | 1442682 | 214426824 | 第二借阅区/ [索取号:K153/113=2] | 在馆 |